000 00700nam a22002057a 4500
005 20150605143849.0
010 _aENG-112750
020 _c600.00
_a9789383420445
035 _aEN-96282
037 _bDBAD/PUB
082 _a530
100 _aGhosh, Ranajit
245 _aRudiments of physics :
_cby Ranajit Ghosh [and] Ashit Kumar Chakraborty
_bfor W.B.J.E.E.,A.I.E.E.E.........and other competitive examinations /
250 _a8th ed
260 _aKolkata
_bAcademic Publishers
_c2015
270 _a5A Bhawani Dutta Lane,
_bKolkata
_e700073
_mwww.acabooks.net
300 _aviii,1268p. :
_c25cm(pbk)
_bill.
700 _aChakraborty, Ashit Kumar
942 _2ddc
_cEN
_mGHO
_h530
999 _c93083
_d93083